000 00621nam a22001577a 4500
008 160420b xxu||||| |||| 00| 0 eng d
082 _22011
_aUT 0266
_bOr21
100 _95992
_aOrdaneza, Mark Ryan S.
245 _aThe impact of sugar cane production to the residents of Hagonoy, Davao del Sur/
_c Mark Ryan S. Ordaneza, Jovelyn S. Hismaña and Loui Davidon.
260 _aDigos City:
_bUMDC
_cMarch 2011.
300 _a46 pages;
_c28 cm.
650 0 _96001
_aBusiness Adminstration
_vFinancial Management
_xUndergraduate thesis.
700 _96002
_a Hismaña, Jovelyn S.
700 _96003
_aDavidon Loui.
942 _2ddc
_cUT
999 _c1879
_d1879